Record of Ragnarök Characters - Statistics

General Stats
  • This quiz has been taken 613 times
    280 since last reset
  • The average score is 20 of 24
Answer Stats
Attack Name Character % Correct
Father of Humanity Adam
98%
Flying General Lu Bu
96%
Godfather of the Cosmos Zeus
96%
King of the Netherworld Hades
94%
Artist of Death Jack
93%
Tyrant of the Ocean Poseidon
93%
Thunder Berserker Thor
93%
The Enlightened One Buddha
88%
God of the Sun Apollo
87%
Envoy of Justice Heracles
86%
Ephemeral Assassin Loki
86%
Allfather Odin
86%
History's Greatest Loser Kojiro
85%
Peak of Svarga Shiva
82%
Child of Light Tesla
82%
The King Where It All Began Qin
80%
Lord of the Flies Beelzebub
78%
Warrior of Truth Leonidas
77%
Peerless Rikishi Raiden
75%
White Death Simo
75%
Sword Demon Okita
67%
Demon Lord of the Sixth Heaven Hajun
65%
Sword God Susanoo
64%
Kind Monster Kintoki
60%
No matching quizzes found
Score Distribution
Percent of People with Each Score
Percentile by Number Answered
Your Score History
You have not taken this quiz since the last reset